Yellowstone National Park Animals - Statistics

General Stats
  • This quiz has been taken 128 times
  • The average score is 11 of 15
Answer Stats
Picture Answer % Correct
Wolf
98%
Black Bear
97%
Bison
93%
Moose
89%
Elk
87%
Coyote
86%
Lynx
82%
Badger
81%
Chipmunk
80%
Red Fox
80%
Mountain Goat
68%
Wolverine
60%
River Otter
52%
Shrew
47%
Porcupines
11%
No matching quizzes found
Score Distribution
Percent of People with Each Score
Percentile by Number Answered
Your Score History
You have not taken this quiz